| 000 | 00822cam a2200241 4500 | ||
|---|---|---|---|
| 001 | ABS61338 | ||
| 008 | 000000n1999 000 0 eng u | ||
| 035 | _a(Sirsi) u100542 | ||
| 100 | _aCatalano, A. | ||
| 245 | _aRising crane count sparks City fears | ||
| 260 | _c1999 | ||
| 490 |
_aEstates Gazette _v 9 October 1999, 64-65(2) |
||
| 520 | _aRecent figures on the amount of speculative office development have raised fears that the City is on the edge of an unsustainable development boom. Table and graph. | ||
| 590 | _aABS | ||
| 650 | _aOFFICE DEVELOPMENT | ||
| 650 | _aSPECULATIVE DEVELOPMENT | ||
| 650 | _aCITY OF LONDON | ||
| 650 | _aCENTRAL LONDON | ||
| 650 | _aSTATISTICS | ||
| 690 | _aPROPERTY-COMMERCIAL PROPERTY-COMMERCIAL PROPERTY FINANCE AND INVESTMENT | ||
| 700 | _aLopatin, M. | ||
| 942 | _n0 | ||
| 999 |
_c60144 _d60144 |
||